Sydamerikanska länder (med karta) - Statistics

General Stats
  • This quiz has been taken 22 times
  • The average score is 9 of 12
Answers on the Map
Answers color-coded by a green-red scale on the quiz's map according to % correct below.
 
Answer Stats
Answer % Correct
Argentina
91%
Bolivia
91%
Brasilien
91%
Chile
91%
Ecuador
82%
Kolumbia
82%
Peru
82%
Guyana
73%
Surinam
73%
Paraguay
64%
Uruguay
64%
Venezuela
64%
No matching quizzes found
Score Distribution
Percent of People with Each Score
Percentile by Number Answered
Your Score History
You have not taken this quiz